[Event "SRB-ch U20"]
[Site "Donji Milanovac"]
[Date "2011.08.03"]
[Round "5"]
[White "Jovanovic, Bojan"]
[Black "Ratkovic, Miloje"]
[Result "1/2-1/2"]
[WhiteElo "2272"]
[BlackElo "2132"]
[PlyCount "104"]
[EventDate "2011.08.01"]
[EventType "tourn"]
[EventRounds "11"]
[EventCountry "SRB"]
[SourceTitle "CBM 144 Extra"]
[Source "ChessBase"]
[SourceDate "2011.10.28"]
[SourceVersion "1"]
[SourceVersionDate "2011.10.28"]
[SourceQuality "1"]

1. d4 d5 2. c4 c6 3. Nf3 Nf6 4. e3 Bf5 5. Nc3 e6 6. Nh4 Bg6 7. Qb3 Qc7 8. Bd2 Bd6 9. Rc1 dxc4 10. Bxc4 Bh5 11. Be2 Bxe2 12. Kxe2 Qe7 13. Nb5 Bc7 14. Nxc7+ Qxc7 15. Bb4 Na6 16. Ba3 Qb6 17. Qc4 Qa5 18. Nf3 Rc8 19. Qc3 Qb5+ 20. Qd3 Qxd3+ 21. Kxd3 Nd5 22. Kd2 Ndb4 23. Ne5 f6 24. Nc4 Kd7 25. Bxb4 Nxb4 26. a3 Nd5 27. Rc2 Nb6 28. Na5 Kc7 29. Rhc1 Rcd8 30. Ke2 Rd5 31. b4 f5 32. Rc5 Kb8 33. Rxd5 cxd5 34. Kd3 Rf8 35. f3 Rc8 36. Rxc8+ Nxc8 37. Nb3 b6 38. a4 Nd6 39. Nd2 Kc7 40. e4 fxe4+ 41. fxe4 Nxe4 42. Nxe4 dxe4+ 43. Kxe4 Kd6 44. b5 g6 45. h4 h6 46. g4 g5 47. h5 Kd7 48. Ke5 Ke7 49. d5 exd5 50. Kxd5 Kd7 51. Ke5 Ke7 52. Kf5 Kf7 1/2-1/2

[Event "SRB-ch U20"]
[Site "Donji Milanovac"]
[Date "2011.08.02"]
[Round "3"]
[White "Jovanovic, Bojan"]
[Black "Kalinic, Dusan"]
[Result "1-0"]
[WhiteElo "2272"]
[BlackElo "2009"]
[PlyCount "86"]
[EventDate "2011.08.01"]
[EventType "tourn"]
[EventRounds "11"]
[EventCountry "SRB"]
[SourceTitle "CBM 144 Extra"]
[Source "ChessBase"]
[SourceDate "2011.10.28"]
[SourceVersion "1"]
[SourceVersionDate "2011.10.28"]
[SourceQuality "1"]

1. d4 Nf6 2. c4 e6 3. g3 Be7 4. Nc3 0-0 5. Bg2 d5 6. cxd5 exd5 7. Nf3 c6 8. 0-0 Bf5 9. Nh4 Be6 10. Qd3 Re8 11. b3 Ne4 12. Nxe4 dxe4 13. Bxe4 Bxh4 14. gxh4 Qxh4 15. Bg2 Nd7 16. e4 Rad8 17. Qg3 Qe7 18. Bb2 f6 19. Rad1 Nb6 20. Rfe1 Qf7 21. Qc3 h5 22. Qg3 a5 23. Ba3 a4 24. Rd3 Ra8 25. Bc5 Nd7 26. Bb4 Ra6 27. bxa4 Rxa4 28. a3 b6 29. Rc1 c5 30. d5 Bf5 31. exf5 cxb4 32. axb4 Rxb4 33. Qd6 Nc5 34. Re3 Rb2 35. Rce1 Rxe3 36. Rxe3 Rb1+ 37. Bf1 Qd7 38. Qb8+ Kf7 39. Qh8 h4 40. d6 Nb3 41. Re7+ Qxe7 42. dxe7 Kxe7 43. Qxg7+ Ke8 1-0

[Event "SRB-ch U20"]
[Site "Donji Milanovac"]
[Date "2011.08.02"]
[Round "4"]
[White "Vucinic, Gojko"]
[Black "Jovanovic, Bojan"]
[Result "1-0"]
[WhiteElo "2081"]
[BlackElo "2272"]
[PlyCount "91"]
[EventDate "2011.08.01"]
[EventType "tourn"]
[EventRounds "11"]
[EventCountry "SRB"]
[SourceTitle "CBM 144 Extra"]
[Source "ChessBase"]
[SourceDate "2011.10.28"]
[SourceVersion "1"]
[SourceVersionDate "2011.10.28"]
[SourceQuality "1"]

1. e4 e6 2. d4 d5 3. Nc3 Nf6 4. Bg5 Bb4 5. e5 h6 6. Bd2 Bxc3 7. bxc3 Ne4 8. Qg4 g6 9. Bd3 Nxd2 10. Kxd2 c5 11. h4 Bd7 12. Nf3 c4 13. Be2 Bc6 14. Qf4 Nd7 15. Nh2 f5 16. Nf3 Qe7 17. g4 fxg4 18. Qxg4 Qf7 19. Rhg1 Rg8 20. Rg3 0-0-0 21. Ng1 g5 22. Nh3 gxh4 23. Qxh4 Rxg3 24. fxg3 Rh8 25. Rf1 Qh7 26. Bg4 Ba4 27. Bd1 Rg8 28. Nf4 Nf8 29. Qf6 Bd7 30. Rh1 Qe4 31. Rxh6 Nh7 32. Qh4 Ng5 33. Rh8 Rxh8 34. Qxh8+ Kc7 35. Qf6 Qf5 36. Qxf5 exf5 37. Nxd5+ Kd8 38. Nf6 Bc6 39. d5 Ba4 40. Ke3 Ke7 41. Kf4 Nh3+ 42. Kxf5 Nf2 43. d6+ Kd8 44. e6 Nxd1 45. e7+ Kc8 46. Ke6 1-0

[Event "SRB-chT2"]
[Site "Golubac"]
[Date "2008.09.22"]
[Round "4"]
[White "Djoric, Dusan"]
[Black "Jovanovic, Bojan"]
[Result "1/2-1/2"]
[WhiteElo "2305"]
[BlackElo "2282"]
[PlyCount "36"]
[EventDate "2008.09.20"]
[EventType "team-tourn"]
[EventRounds "11"]
[EventCountry "YUG"]
[SourceTitle "EXT 2010"]
[Source "ChessBase"]
[SourceDate "2010.11.25"]
[SourceVersion "1"]
[SourceVersionDate "2010.11.25"]
[SourceQuality "1"]

1. d4 e6 2. Nf3 Nf6 3. Bg5 c5 4. Bxf6 Qxf6 5. e3 b6 6. Bd3 Bb7 7. Nbd2 Be7 8. Ne4 Bxe4 9. Bxe4 d5 10. Bd3 0-0 11. 0-0 c4 12. Be2 Nc6 13. c3 Qg6 14. Nd2 f5 15. f4 Qe8 16. b3 b5 17. a4 a6 18. axb5 axb5 1/2-1/2

[Event "SRB-chT2"]
[Site "Golubac"]
[Date "2008.09.22"]
[Round "5"]
[White "Jovanovic, Bojan"]
[Black "Zivkovic, Momcilo"]
[Result "1/2-1/2"]
[WhiteElo "2282"]
[BlackElo "2147"]
[PlyCount "101"]
[EventDate "2008.09.20"]
[EventType "team-tourn"]
[EventRounds "11"]
[EventCountry "YUG"]
[SourceTitle "EXT 2010"]
[Source "ChessBase"]
[SourceDate "2010.11.25"]
[SourceVersion "1"]
[SourceVersionDate "2010.11.25"]
[SourceQuality "1"]

1. d4 d5 2. c4 c6 3. Nf3 Nf6 4. Nc3 dxc4 5. a4 Bf5 6. e3 e6 7. Bxc4 Bb4 8. 0-0 h6 9. Qe2 a5 10. e4 Bh7 11. Bd3 0-0 12. Rd1 Re8 13. Bf4 Nbd7 14. Ne5 Nf8 15. Bc2 Qe7 16. Bg3 Rad8 17. Bh4 c5 18. Ng4 Ng6 19. Bxf6 gxf6 20. e5 fxe5 21. dxe5 Rxd1+ 22. Rxd1 Rd8 23. Bxg6 Bxg6 24. Nxh6+ Kg7 25. Ng4 Rxd1+ 26. Qxd1 Qg5 27. h3 Qf4 28. g3 Qd4 29. Qc1 Kf8 30. Qh6+ Ke7 31. Qg5+ Kd7 32. Qe3 Bxc3 33. bxc3 Qxe3 34. Nxe3 b5 35. axb5 Bd3 36. Nd1 a4 37. Nb2 Bxb5 38. Nxa4 Bxa4 39. f4 Kc6 40. Kf2 Kd5 41. Ke3 Bc2 42. g4 Bd1 43. Kd3 Bf3 44. c4+ Kc6 45. Ke3 Bg2 46. h4 Kd7 47. h5 Ke7 48. h6 Kf8 49. Kd3 Bf1+ 50. Kc3 Be2 51. g5 1/2-1/2

[Event "SRB-chT 1st League"]
[Site "Vrnjacka Banja"]
[Date "2007.09.16"]
[Round "2.6"]
[White "Maksimovic, Branimir"]
[Black "Jovanovic, Bojan"]
[Result "1-0"]
[WhiteElo "2362"]
[BlackElo "2304"]
[PlyCount "69"]
[EventDate "2007.09.08"]
[EventType "team"]
[EventRounds "11"]
[EventCountry "SRB"]
[SourceTitle "EXT 2012"]
[Source "ChessBase"]
[SourceDate "2011.11.24"]
[SourceVersion "1"]
[SourceVersionDate "2011.11.24"]
[SourceQuality "1"]
[WhiteTeam "Nis"]
[BlackTeam "Smederevski"]
[WhiteTeamCountry "SRB"]
[BlackTeamCountry "SRB"]

1. d4 Nf6 2. Nf3 e6 3. e3 b6 4. Bd3 Bb7 5. 0-0 Be7 6. c4 d6 7. Nc3 c5 8. d5 e5 9. Nd2 0-0 10. f4 exf4 11. exf4 Bc8 12. h3 Re8 13. b3 Bf8 14. Bb2 a6 15. Nde4 Nbd7 16. Qc2 h6 17. Ng3 b5 18. Rae1 bxc4 19. bxc4 Nb6 20. Nce4 Nxe4 21. Nxe4 Bd7 22. f5 Rb8 23. Ba1 Qh4 24. Qc1 f6 25. Rf4 Qh5 26. Rg4 Kh7 27. Ng3 Rxe1+ 28. Qxe1 Qf7 29. Qe6 Bxe6 30. fxe6+ f5 31. exf7 g6 32. Nxf5 Nxc4 33. Nh4 Ne5 34. Bxe5 dxe5 35. Nxg6 1-0

[Event "SRB-chT 1st League"]
[Site "Vrnjacka Banja"]
[Date "2006.10.27"]
[Round "9.6"]
[White "Jovanovic, Bojan"]
[Black "Lazic, Dragoljub"]
[Result "1-0"]
[WhiteElo "2296"]
[BlackElo "2325"]
[PlyCount "49"]
[EventDate "2006.09.09"]
[EventType "team"]
[EventRounds "11"]
[EventCountry "SRB"]
[SourceTitle "EXT 2012"]
[Source "ChessBase"]
[SourceDate "2011.11.24"]
[SourceVersion "1"]
[SourceVersionDate "2011.11.24"]
[SourceQuality "1"]
[WhiteTeam "Smederevo"]
[BlackTeam "Kragujevac Radnicki"]
[WhiteTeamCountry "SRB"]
[BlackTeamCountry "SRB"]

1. d4 Nf6 2. c4 g6 3. Nc3 Bg7 4. g3 0-0 5. Bg2 d6 6. Nf3 Nbd7 7. 0-0 e5 8. e4 c6 9. h3 Qa5 10. Re1 Qb4 11. Bf1 exd4 12. Nxd4 Ne8 13. a3 Qb6 14. Be3 Qc7 15. b4 Nef6 16. Ra2 Re8 17. Bf4 Ne5 18. Rd2 Nh5 19. Be3 Be6 20. g4 Nf6 21. g5 Nh5 22. f4 Nxc4 23. Nxe6 Nxe3 24. Nxc7 Nxd1 25. Nxd1 1-0

[Event "SRB-chT 1st League"]
[Site "Vrnjacka Banja"]
[Date "2006.10.26"]
[Round "7.2"]
[White "Jovanovic, Bojan"]
[Black "Djakovac, Enes"]
[Result "1-0"]
[WhiteElo "2296"]
[BlackElo "2219"]
[PlyCount "55"]
[EventDate "2006.09.09"]
[EventType "team"]
[EventRounds "11"]
[EventCountry "SRB"]
[SourceTitle "EXT 2012"]
[Source "ChessBase"]
[SourceDate "2011.11.24"]
[SourceVersion "1"]
[SourceVersionDate "2011.11.24"]
[SourceQuality "1"]
[WhiteTeam "Smederevo"]
[BlackTeam "Novi Pazar INA Dizajn"]
[WhiteTeamCountry "SRB"]
[BlackTeamCountry "SRB"]

1. d4 d5 2. c4 c6 3. Nf3 Nf6 4. Nc3 dxc4 5. a4 Bf5 6. e3 Na6 7. Bxc4 Nb4 8. e4 Bg4 9. Ne5 e6 10. Nxg4 Nxg4 11. 0-0 Qh4 12. Bf4 Nf6 13. Bg3 Qg5 14. f4 Qa5 15. f5 0-0-0 16. Kh1 Bc5 17. fxe6 Rxd4 18. Qe2 b6 19. exf7 Rhd8 20. e5 Nfd5 21. Nb5 cxb5 22. axb5 Qxa1 23. Rxa1 Ne3 24. Be6+ Kb8 25. Bb3 Nf5 26. Bf2 Rd2 27. Qxd2 Rxd2 28. Bxc5 1-0

[Event "SCG-ch U10"]
[Site "Niska Banja"]
[Date "2004.04.14"]
[Round "3"]
[White "Zivkovic, Ivan"]
[Black "Jovanovic, Bojan"]
[Result "1-0"]
[WhiteElo "2211"]
[BlackElo "2345"]
[PlyCount "51"]
[EventDate "2004.04.??"]
[EventType "swiss"]
[EventRounds "9"]
[EventCountry "YUG"]
[SourceTitle "CBM 099 Extra"]
[Source "ChessBase"]
[SourceDate "2004.05.04"]
[SourceVersion "1"]
[SourceVersionDate "2004.05.04"]
[SourceQuality "1"]

1. f4 d5 2. Nf3 e6 3. b3 Nf6 4. Bb2 c5 5. e3 a6 6. d3 Nc6 7. h3 Be7 8. Nbd2 0-0 9. Be2 Nh5 10. Ng5 Ng3 11. Rg1 Nxe2 12. Qxe2 Bxg5 13. fxg5 Qxg5 14. 0-0-0 Nb4 15. a3 Nc6 16. Nf3 Qd8 17. Kb1 d4 18. e4 e5 19. Rdf1 f6 20. g4 a5 21. g5 Bxh3 22. gxf6 Bxf1 23. Rxg7+ Kh8 24. Qh2 Bh3 25. Qxh3 Qxf6 26. Qxh7# 1-0

[Event "Serbia-chT central"]
[Site "Golubac"]
[Date "2003.??.??"]
[Round "?"]
[White "Jovanovic, Bojan"]
[Black "Ivanovic, Bozidar"]
[Result "1-0"]
[WhiteElo "2327"]
[BlackElo "2512"]
[PlyCount "113"]
[EventDate "2003.09.27"]
[EventType "team"]
[EventRounds "11"]
[EventCountry "YUG"]
[SourceTitle "CBM 096 Extra"]
[Source "ChessBase"]
[SourceDate "2003.10.22"]
[SourceVersion "2"]
[SourceVersionDate "2003.10.20"]
[SourceQuality "1"]

1. d4 d5 2. c4 c6 3. Nf3 Nf6 4. Nc3 a6 5. cxd5 cxd5 6. Bf4 e6 7. e3 Be7 8. h3 b5 9. Bd3 Bb7 10. 0-0 0-0 11. Rc1 Nc6 12. Ne5 Rc8 13. Bb1 Na5 14. Bg5 Nc4 15. Bxf6 Bxf6 16. Nd3 Be7 17. Ne2 Qb6 18. Nef4 g6 19. b3 Na3 20. Ne5 Rxc1 21. Qxc1 Rc8 22. Qd1 Nxb1 23. Qxb1 Qc7 24. Nfd3 Ba3 25. b4 a5 26. Qb3 axb4 27. Nc5 Ra8 28. Ned3 Bc6 29. Re1 Be8 30. Re2 Qa7 31. Rc2 Kg7 32. f4 Qe7 33. Ne5 h5 34. g3 f6 35. Nf3 Bf7 36. Nd3 Qa7 37. g4 hxg4 38. hxg4 Qb7 39. g5 Rc8 40. gxf6+ Kxf6 41. Nc5 Qe7 42. Ng5 Kg7 43. Rh2 Bg8 44. Ncxe6+ Qxe6 45. Nxe6+ Bxe6 46. Qd3 Rc1+ 47. Kf2 Rc4 48. Rg2 Bf7 49. f5 Bc1 50. fxg6 Be6 51. Qd1 Rc3 52. Qh5 Bxe3+ 53. Ke2 Bf4 54. Qh7+ Kf6 55. g7 Bg5 56. Rf2+ Ke7 57. g8Q+ 1-0

[Event "Serbia-chT central"]
[Site "Golubac"]
[Date "2003.??.??"]
[Round "?"]
[White "Jovanovic, Bojan"]
[Black "Kostic, Nebojsa"]
[Result "1-0"]
[WhiteElo "2327"]
[BlackElo "2334"]
[PlyCount "51"]
[EventDate "2003.09.27"]
[EventType "team"]
[EventRounds "11"]
[EventCountry "YUG"]
[SourceTitle "CBM 096 Extra"]
[Source "ChessBase"]
[SourceDate "2003.10.22"]
[SourceVersion "2"]
[SourceVersionDate "2003.10.20"]
[SourceQuality "1"]

1. d4 Nf6 2. Nf3 c5 3. c3 cxd4 4. cxd4 d5 5. Nc3 Nc6 6. g3 Bf5 7. Bg2 e6 8. 0-0 h6 9. Bf4 Bd6 10. Bxd6 Qxd6 11. a3 0-0 12. Rc1 Ne4 13. Nh4 Nxc3 14. Rxc3 Bh7 15. b4 Rfc8 16. Qd2 Rc7 17. Rfc1 Rac8 18. Nf3 Be4 19. Qf4 Qxf4 20. gxf4 a6 21. a4 b5 22. axb5 Bxf3 23. Rxc6 Rxc6 24. Rxc6 Rxc6 25. bxc6 Bg4 26. f3 1-0

[Event "Serbia-chT central"]
[Site "Golubac"]
[Date "2003.??.??"]
[Round "?"]
[White "Kostic, Vladimir G"]
[Black "Jovanovic, Bojan"]
[Result "1/2-1/2"]
[WhiteElo "2373"]
[BlackElo "2327"]
[PlyCount "50"]
[EventDate "2003.09.27"]
[EventType "team"]
[EventRounds "11"]
[EventCountry "YUG"]
[SourceTitle "CBM 096 Extra"]
[Source "ChessBase"]
[SourceDate "2003.10.22"]
[SourceVersion "2"]
[SourceVersionDate "2003.10.20"]
[SourceQuality "1"]

1. e4 c5 2. Nf3 d6 3. d4 cxd4 4. Nxd4 Nf6 5. Nc3 e6 6. f3 a6 7. Be3 Qc7 8. Qd2 Nc6 9. g4 Be7 10. g5 Nd7 11. 0-0-0 b5 12. Nxc6 Qxc6 13. Ne2 Ne5 14. Nd4 Qc7 15. h4 Bb7 16. h5 Nc6 17. Bh3 Nxd4 18. Bxd4 e5 19. Be3 Bc8 20. Qd5 Bb7 21. Qd2 Bc8 22. Qg2 Bxh3 23. Rxh3 Rc8 24. Rhh1 Qc4 25. Kb1 Qe6 1/2-1/2

[Event "Serbia-chT central"]
[Site "Golubac"]
[Date "2003.??.??"]
[Round "?"]
[White "Todorov, Ognjan"]
[Black "Jovanovic, Bojan"]
[Result "1-0"]
[WhiteElo "2339"]
[BlackElo "2327"]
[PlyCount "78"]
[EventDate "2003.09.27"]
[EventType "team"]
[EventRounds "11"]
[EventCountry "YUG"]
[SourceTitle "CBM 096 Extra"]
[Source "ChessBase"]
[SourceDate "2003.10.22"]
[SourceVersion "2"]
[SourceVersionDate "2003.10.20"]
[SourceQuality "1"]

1. d4 Nf6 2. Nf3 e6 3. g3 b6 4. Bg2 Bb7 5. c4 Be7 6. 0-0 d6 7. d5 e5 8. Nc3 0-0 9. Ne1 Nbd7 10. Nd3 Nc5 11. Nxc5 bxc5 12. a3 Nd7 13. e4 Nb6 14. Qd3 a5 15. a4 Bc8 16. Nb5 Bd7 17. Bd2 Bxb5 18. axb5 a4 19. Bh3 Bf6 20. Ra3 Qe7 21. Rfa1 Rfb8 22. Bg4 Bg5 23. Bc3 g6 24. Bd1 h5 25. Bxa4 h4 26. Bc2 hxg3 27. hxg3 Re8 28. Rxa8 Rxa8 29. Ra6 Qe8 30. Ba5 Rxa6 31. bxa6 Qa8 32. Bxb6 cxb6 33. Qa3 Bd2 34. Qa4 Ba5 35. Qb5 Kf8 36. Bd1 Qc8 37. Bg4 Qxg4 38. a7 Qf3 39. a8Q+ Kg7 1-0

[Event "YUG-ch sf"]
[Site "Kladovo"]
[Date "1994.??.??"]
[Round "?"]
[White "Jovanovic, Bojan"]
[Black "Milanovic, Danilo"]
[Result "0-1"]
[WhiteElo "2355"]
[BlackElo "2300"]
[PlyCount "48"]
[EventDate "1994.??.??"]
[EventType "swiss"]
[EventRounds "13"]
[EventCountry "YUG"]
[SourceTitle "EXT 2000"]
[Source "ChessBase"]
[SourceDate "1999.11.16"]
[SourceVersion "1"]
[SourceVersionDate "1999.11.16"]
[SourceQuality "1"]

1. d4 Nf6 2. c4 e6 3. Nf3 Bb4+ 4. Bd2 a5 5. g3 b6 6. Bg2 Bb7 7. 0-0 0-0 8. b3 Ne4 9. Bxb4 axb4 10. Nfd2 d5 11. Nxe4 dxe4 12. e3 e5 13. Qc2 f5 14. Rd1 Qf6 15. c5 exd4 16. exd4 Rd8 17. Qc4+ Kh8 18. cxb6 c5 19. Qxc5 Na6 20. Qc2 Rac8 21. Qb2 Nc5 22. Bf1 Nd3 23. Bxd3 exd3 24. Rxd3 Rxd4 0-1

[Event "YUG-ch sf"]
[Site "Kladovo"]
[Date "1994.??.??"]
[Round "?"]
[White "Ristic, Nebojsa M"]
[Black "Jovanovic, Bojan"]
[Result "0-1"]
[WhiteElo "2395"]
[BlackElo "2355"]
[PlyCount "100"]
[EventDate "1994.??.??"]
[EventType "swiss"]
[EventRounds "13"]
[EventCountry "YUG"]
[SourceTitle "EXT 2000"]
[Source "ChessBase"]
[SourceDate "1999.11.16"]
[SourceVersion "1"]
[SourceVersionDate "1999.11.16"]
[SourceQuality "1"]

1. e4 c5 2. c3 Nf6 3. e5 Nd5 4. d4 cxd4 5. Nf3 Nc6 6. Bc4 Nb6 7. Bb3 d6 8. exd6 Qxd6 9. 0-0 Be6 10. Bxe6 Qxe6 11. Nxd4 Nxd4 12. Qxd4 Rd8 13. Qh4 h5 14. h3 Qc4 15. Qxc4 Nxc4 16. b3 Ne5 17. Be3 a6 18. Re1 Nd3 19. Rd1 e5 20. Nd2 f6 21. Bb6 Rd7 22. Nc4 g6 23. Rd2 Bh6 24. Be3 Bxe3 25. Nxe3 Ke7 26. c4 Nf4 27. Rxd7+ Kxd7 28. Rd1+ Ke6 29. Kf1 h4 30. c5 Ke7 31. Rd6 Rc8 32. b4 Rc6 33. g3 hxg3 34. fxg3 Nxh3 35. Nd5+ Kf7 36. Rd8 Ng5 37. Ke2 Ke6 38. Nb6 Ne4 39. g4 Rc7 40. Ke3 f5 41. Rh8 Nf6 42. gxf5+ gxf5 43. Rd8 f4+ 44. Kd3 Rh7 45. a4 Rh3+ 46. Kc4 f3 47. Rd6+ Kf5 48. b5 axb5+ 49. axb5 Rh4+ 50. Kb3 Ne4 0-1